Statistiche per Ricostruisci la Carriera del Calciatore - Christian Abbiati

Clicka qui per fare il quiz!

Statistiche generali

  • Questo quiz è stato fatto 4 volte
  • Il punteggio medio è 4 su 8

Statistiche sulle risposte

HintRisposta% Corretto
1995-1996Borgosesia
100%
2005-2006Juventus
100%
2008-2016 Milan
100%
2007-2008Atlético Madrid
50%
1998-2005 Milan
0%
1994-1995 Monza
0%
1996-1998 Monza
0%
2006-2007Torino
0%

Distribuzione punteggi

Percentile per numero di risposta

Percentuale di utenti per punteggio

I tuoi punteggi nel tempo

Non hai fatto questo quiz